Planovo stopanstvo
Na minha lista:
| Formato: | Periódico |
|---|---|
| Idioma: | búlgaro |
| Publicado em: |
Sofija
Daržaven komitet za planirane
|
| Tags: |
Sem tags, seja o primeiro a adicionar uma tag!
|
MARC
| LEADER | 00000nas1a22000001 4500 | ||
|---|---|---|---|
| 001 | s121004 | ||
| 005 | 20041019155347.2 | ||
| 041 | 0 | |a bul | |
| 044 | |a BG | ||
| 245 | 1 | 0 | |a Planovo stopanstvo |
| 264 | 1 | |a Sofija |b Daržaven komitet za planirane | |